Antología / (Record no. 195547)

MARC details
000 -LEADER
campo de control de longitud fija 01555nam a2200397 i 4500
001 - NÚMERO DE CONTROL
campo de control 195547
003 - IDENTIFICADOR DE NÚMERO DE CONTROL
campo de control SpMaBN
005 - FECHA Y HORA DE LA ÚLTIMA TRANSACCIÓN
campo de control 20241021181201.0
007 - CAMPO FIJO DE DESCRIPCIÓN FÍSICA--INFORMACIÓN GENERAL
campo de control de longitud fija ta
008 - DATOS DE LONGITUD FIJA--INFORMACIÓN GENERAL
campo de control de longitud fija 240621s1973 sp i spa
016 7# - NÚMERO DE CONTROL DE UNA AGENCIA BIBLIOGRÁFICA NACIONAL
Número de control del registro bimoBNE19993716333
Número de control cancelado/no válido IND9200531575
Fuente SpMaBN
017 ## - NÚMERO DE COPYRIGHT O DE DEPÓSITO LEGAL
Número de copyright o de depósito legal Z 874-1973
Agencia que asigna Oficina Depósito Legal Zaragoza
020 ## - NÚMERO INTERNACIONAL ESTÁNDAR DEL LIBRO
Número Internacional Estándar del Libro 8450061393
035 ## - NÚMERO DE CONTROL DEL SISTEMA
Número de control de sistema (OCoLC)432554625
035 ## - NÚMERO DE CONTROL DEL SISTEMA
Número de control de sistema bimo0001121253
040 ## - FUENTE DE CATALOGACIÓN
Centro catalogador/agencia de origen SpMaBN
Lengua de catalogación spa
Centro/agencia transcriptor A2
Centro/agencia modificador ES-MaACL
080 ## - NÚMERO DE LA CLASIFICACIÓN DECIMAL UNIVERSAL
Número de la Clasificación Decimal Universal 860-14"19"
100 0# - ENTRADA PRINCIPAL--NOMBRE DE PERSONA
Nombre de persona Luesma Castán, Miguel,
Número de control del registro de autoridad o número normalizado XX1165109
9 (RLIN) 74643
Fechas asociadas al nombre 1929-2012
Término indicativo de función/relación Autor
245 10 - MENCIÓN DEL TÍTULO
Título Antología /
Mención de responsabilidad, etc. Miguel Luesma Castán.
260 ## - PUBLICACIÓN, DISTRIBUCIÓN, ETC.
Lugar de publicación, distribución, etc. [Zaragoza :
Nombre del editor, distribuidor, etc. Delegación Provincial de Cultura],
Fecha de publicación, distribución, etc. 1973.
300 ## - DESCRIPCIÓN FÍSICA
Extensión 45 p., 1 h. con lám. ;
Dimensiones 22 cm
336 ## - TIPO DE CONTENIDO
Fuente rdacontent
Término de tipo de contenido texto
337 ## - TIPO DE MEDIO
Fuente rdamedia
Nombre/término del tipo de medio sin mediación
338 ## - TIPO DE SOPORTE
Fuente rdacarrier
Nombre/término del tipo de soporte volumen
490 1# - MENCIÓN DE SERIE
Mención de serie Aula de Poesia ;
Designación de volumen o secuencia 1
650 #4 - PUNTO DE ACCESO ADICIONAL DE MATERIA--TÉRMINO DE MATERIA
9 (RLIN) 16177
Término de materia o nombre geográfico como elemento de entrada Poesía española-
Subdivisión cronológica S.XX
655 #7 - TERMINO DE INDIZACIÓN--GENERO/FORMA
Fuente del término tgfbne
9 (RLIN) 176539
Datos o término principal de género/forma Poesías
655 #0 - TERMINO DE INDIZACIÓN--GENERO/FORMA
9 (RLIN) 176540
Datos o término principal de género/forma Antologías
830 ## - PUNTO DE ACCESO ADICIONAL DE SERIE-TÍTULO UNIFORME
Título uniforme Aula de Poesia ;
Designación de volumen o secuencia 1
9 (RLIN) 237167
852 ## - LOCALIZACIÓN
Ubicación ES-MaACL
Ubicación en estantería Depósito folletos
Número de control de estantería FOLL-BUE-96
Anotaciones manuscritas Dedicatoria manuscrita del autor, Miguel Luesma Castán, para Antonio Buero Vallejo en anteportada: "A nuestro mejor dramaturgo. D. Antonio Buero Vallejo, con la amistad de siempre [rúrbrica]".
Donativo/Legado Legado: Antonio Buero Vallejo
itemnumber 203753
903 ## - NOMBRE PERSONAL DE DONANTE
9 32421
a Buero Vallejo, Antonio,
q 1
d 1916-2000
e Donante
942 ## - ELEMENTOS DE ENTRADA SECUNDARIOS (KOHA)
Suprimir en OPAC No
Tipo de ítem Koha Folleto
Holdings
Estatus retirado Estado de pérdida Fuente del sistema de clasificación o colocación Estado de daño No para préstamo Colección Biblioteca de origen Biblioteca actual Ubicación en estantería Fecha de adquisición Fuente de adquisición Total de préstamos Signatura topográfica completa Código de barras Visto por última vez Precio de reemplazo Tipo de ítem Koha Nota pública
    Clasificación decimal universal     Libros con dedicatorias Biblioteca del Ateneo de Madrid Biblioteca del Ateneo de Madrid Depósito folletos 21/06/2024 Legado   FOLL-BUE-96 101228619 21/06/2024 21/06/2024 Folleto Dedicatoria manuscrita del autor, Miguel Luesma Castán, para Antonio Buero Vallejo.